书目信息 |
| 题名: |
Multisim 11电路仿真与实践
|
|
| 作者: | 梁青 , 侯传教 , 熊伟 , 孟涛 编著 | |
| 分册: | ||
| 出版信息: | 北京 清华大学出版社 2012.12 |
|
| 页数: | XII, 422页 | |
| 开本: | 26cm | |
| 丛书名: | ||
| 单 册: | ||
| 中图分类: | TN702.2 | |
| 科图分类: | ||
| 主题词: | 电子电路--计算机仿真--应用软件 | |
| 电子资源: | ||
| ISBN: | 978-7-302-30938-3 | |
| 000 | 01040nam0 2200301 450 | |
| 001 | 0400004644 | |
| 005 | 20171024142106.0 | |
| 010 | @a978-7-302-30938-3@dCNY49.80(含光盘) | |
| 010 | @a978-7-89414-087-6@b光盘 | |
| 100 | @a20171024e20172012em y0chiy ea | |
| 101 | 0 | @achi |
| 102 | @aCN@b110000 | |
| 105 | @aak z 000yy | |
| 106 | @ar | |
| 200 | 1 | @aMultisim 11电路仿真与实践@9Multisim 11 dian lu fang zhen yu shi jian@f梁青 ... [等] 编著 |
| 210 | @a北京@c清华大学出版社@d2012.12@h2017.1 | |
| 215 | @aXII, 422页@c图@d26cm@e光盘1片 | |
| 304 | @a题名页题其余责任者: 侯传教, 熊伟, 孟涛 | |
| 330 | @a本书分为3篇, 共16章, 主要内容包括: Ni Multisim 11概述 ; Ni Multisim 11快速入门 ; Ni Multisim 11基本操作等。 | |
| 606 | 0 | @a电子电路@x计算机仿真@x应用软件 |
| 610 | 0 | @aMultisim |
| 690 | @aTN702.2@v5 | |
| 701 | 0 | @a梁青@9liang qing@4编著 |
| 701 | 0 | @a侯传教@9hou chuan jiao@4编著 |
| 701 | 0 | @a熊伟@9xiong wei@4编著 |
| 701 | 0 | @a孟涛@9meng tao@4编著 |
| 801 | 0 | @aCN@b91MARC@c20171024 |
| 905 | @b1038625-9@dTN702.2@f5@e346 | |
| Multisim 11电路仿真与实践/梁青 ... [等] 编著.-北京:清华大学出版社,2012.12(2017.1) |
| XII, 422页:图;26cm+光盘1片 |
| ISBN 978-7-302-30938-3:CNY49.80(含光盘) |
| 本书分为3篇, 共16章, 主要内容包括: Ni Multisim 11概述 ; Ni Multisim 11快速入门 ; Ni Multisim 11基本操作等。 |
| ● |
| 相关链接 |
|
|
|
|
正题名:Multisim 11电路仿真与实践
索取号:TN702.2/346
 
预约/预借
| 序号 | 登录号 | 条形码 | 馆藏地/架位号 | 状态 | 备注 |
| 1 | 1038625 | 210386250 | 第二样本阅览室/ [索取号:TN702.2/346] | 在馆 | |
| 2 | 1038626 | 210386269 | 密集书库-物理学院/ [索取号:TN702.2/346] | 在馆 | |
| 3 | 1038627 | 210386278 | 第三借阅区/ [索取号:TN702.2/346] | 在馆 | |
| 4 | 1038628 | 210386287 | 第三借阅区/ [索取号:TN702.2/346] | 在馆 | |
| 5 | 1038629 | 210386296 | 第三借阅区/ [索取号:TN702.2/346] | 在馆 |